000 00551nam a22002177a 4500
003 LK-CoDNM
005 20250128161830.0
008 250128b |||||||| |||| 00| 0 eng d
040 _aLK-CoDNM
_dLK-CoDNM
_eLK-CoDNM
041 _aeng
080 _a13
_bL15
100 _aA. S. Pearse
245 _aAnimal Ecology
250 _aSecond Edition
260 _aNew York and london
_bMcGraw-Hill Book Company, Inc.
_c1939
300 _aix, 642p : ill ; 23 cm
650 _aZoology
650 _aAnimals
650 _aAnimal Ecology
942 _cBK
999 _c237550
_d237550